Квиз о Гвајани - Statistics

General Stats
  • This quiz has been taken 57 times
  • The average score is 8 of 17
Answer Stats
Опис Одговор % Correct
Државе са којима се граничи Бразил
92%
Државе са којима се граничи Суринам
92%
Званичан језик Енглески
90%
Државе са којима се граничи Венецуела
88%
Гвајана има шесту најмању густину _____ на свету Насељености
84%
Главни град Џорџтаун
67%
Државна валута Гвајански долар
63%
Прва држава која је колонизовала Гвајану Холандија
55%
Најпопуларнији спорт Крикет
49%
44% становника су потомци радника из ове државе Индија
41%
Најважнији извозни производ (врста метала) Злато
39%
Термин за планину са заравњеним врхом, која се може наћи у овој држави и у њеном западном суседу (почиње на слово Т) Тепуи
16%
Амерички лидер култа чије су присталице извршиле масовно самоубиство у Гвајани 1978 Џим Џонс
16%
Значење речи "Гвајана" Земља {воде}
8%
Језик са највише говорника Гвајански креолски
6%
Најдужа река Гвајане чији извор није откривен све до 2018. Есекибо
4%
Гвајана и њени суседи налазе се на овом географског подручју Гвајански {штит}
2%
No matching quizzes found
Score Distribution
Percent of People with Each Score
Percentile by Number Answered
Your Score History
You have not taken this quiz